000
00243nam a2200097Ia 4500
001
834431
005
20250826172434.0
008
250824s9999 xx 000 0 und d
245
0
_a
EYLÜLDE AŞKLAR
_c
MİNE SOYSAL
260
_b
GÜNIŞIĞI YAYINLARI
999
_c
834431
_d
834431